000 00768nam a22002777a 4500
001 0005254
003 KOHA_MİRAKIL
005 20260207001437.0
007 ta
008 090610b1977 enk |||gr||||#||||0|eng |
020 _a0803908555
_c0,01
040 _aTR-BiSEU
_btur
_cTR-BiSEU
_erda
041 0 _aeng
044 _cenk
050 _aJX1291
_b.R86 1977
100 1 _aRummel, R J.
245 1 _aUnderstanding conflict and war/
_cR J Rummel ; R J Rummel.
264 1 _aLondon :
_bSage
_c1977
300 _av.3,197 sayfa; 21 cm
336 _ametin
_btxt
_2rdacontent
337 _aaracısız
_bn
_2rdamedia
338 _acilt
_bnc
_2rdacarrier
650 0 _aUluslararası ilişkiler.
_97041
650 0 _aInternational relations.
_97042
942 _2lcc
_cBK
999 _c5236
_d5236